00720nam a2200241 a 4500001001300000003000900013005001700022008004100039020001000080082002200090100002900112245004400141260003800185300000800223500003500231505001000266650002100276700002900297902000800326942000700334952012200341999001500463nice12345678IN_TiNIC20260116011456.0050524s1945 laha grp 000 0 eng  ac10000a323.39710954bKHE aKheri, Mohd Abdus Sattar aNational States and National Minorities aLahorebSh. Muhammad Ashrafc1945 a20p aincludes index and biblioraphy2 aIndex aMinorities-India1 aKheri, Mohd Abdus Sattar bSRS cBK 001040708StackRoom-aHMIbHMId2007-04-10g100.00l0o323.39710954 KHEp00975r2007-04-10v100.00w2005-05-24yBK c1876d1876